000 00372 a2200145 4500
999 _c6259
_d6259
020 _a1920029397
050 _aPL8771.076 PHA 2003
100 _aPhaswana, Nkhelebeni
245 _aMutsho wa zwifhinga /
_cNkhelebeni Phaswana
264 _aThohoyandou
_bKalahari
_c2003
300 _a138p. ;
500 _aVenda
650 _aVenda Play
942 _2lcc
_cBK
_h8771.076
_iPHA
_kPL